| 000 | 00747nam a2200217Ia 4500 | ||
|---|---|---|---|
| 008 | 0000001960 gw a 0000000000ger00 | ||
| 090 | _aPSP00 F67g | ||
| 100 | 1 | _aFormaggio, Dino | |
| 245 | 1 | 0 |
_aGoya _b: zusammenstellung und bildtexte Dino Formaggio ; einfuhrung von Bernhard Rupprecht |
| 300 |
_a[84] p. _c/ 31 cm. |
||
| 440 | _aGoldsmanns Pinakothek | ||
| 500 | _aDonación sr León Caridi (20080115) | ||
| 600 | 0 | 0 |
_aGOYA, FRANCISCO DE, 1746182/ _xTRABAJOS PICTORICOS |
| 650 | 1 | 4 | _aARTE ESPAÑOL |
| 650 | 1 | 4 | _aPINTORES ESPAÑOLES CDROM |
| 650 | 1 | 4 | _aPINTURA ESPAÑOLA |
| 650 | 1 | 4 | _aSIGLO XIX |
| 650 | 1 | 4 | _aSIGLO XIX |
| 700 | 1 | _aRupprecht, Bernhard | |
| 999 |
_c8703 _d8703 |
||
| 260 |
_aMunchen (Alemania) : Wilheim Goldmann Verlag _c1960 |
||